Normal view
MARC view
- Baase, Sara. Van Gelder,Allen
Entry Personal Name
001 - CONTROL NUMBER
- control field: 3544
003 - CONTROL NUMBER IDENTIFIER
- control field: JO-AjAnu
005 - DATE AND TIME OF LATEST TRANSACTION
- control field: 20230606070901.0
008 - FIXED-LENGTH DATA ELEMENTS
- fixed length control field: 230606|| aca||aabn | a|a d
040 ## - CATALOGING SOURCE
- Original cataloging agency: JO-AjAnu
- Transcribing agency: JO-AjAnu
100 ## - HEADING--PERSONAL NAME
- Personal name: Baase, Sara. Van Gelder,Allen
670 ## - SOURCE DATA FOUND
- Source citation: Work cat.: (JO-AjAnu)1850: Baase, Sara. Van Gelder,Allen, author, Computer algorithms : introduction to design and analysis.